วิทยาลัยพยาบาลบรมราชชนนี ยะลา
ระบบห้องสมุดอัตโนมัติ ULIBM BCNYALA - V.6
เปลี่ยนเป็นภาษาไทย

Change to English
 แสดงรายละเอียดบรรณานุกรม
  กลับหน้าหลัก

Brief Record : Get Marc (ISO 2709) : E-mail record : QR code ปิดหน้าต่าง
รัฐศาสตร์ Review โดย
ใช้งานได้ทุกระบบ
ห้องสมุดวพบ.ยะลา
ใช้งานได้ทุกระบบ เมื่อ9/เมษายน/2569
สารบัญ

บทที่ 1 ลักษณะทั่วไปของวิชารัฐศาสตร์
บทที่ 2 ลักษณะและรูปแบบของรัฐ
บทที่ 3 อำนาจอธิปไตย
บทที่ 4 แนวความคิดทางการเมือง
บทที่ 5 อุดมการณ์ทางการเมือง
บทที่ 6 รูปแบบการปกครอง
บทที่ 7 สถาบันการเมือง
บทที่ 8 การมีส่วนร่วมทางการเมือง
บทที่ 9 วัฒนธรรมการเมืองกับกระบวนการเปลี่ยนแปลงทางสังคม
บทที่ 10 วิวัฒนาการของการเมืองไทย
บทที่ 11 ความสัมพันธ์ระหว่างประเทศ

E-books : เกี่ยวกับ Collections
LEADER 00000nam 2200000uu 4500
001    3839
003     ULIBM
008    260409s2568||||th 000 0 tha d
020    ^a9741332963
050  4 ^aJA69^bณ259ร
100 0  ^aณัชชาภัทร อุ่นตรงจิตร
245 10 ^aรัฐศาสตร์ /^cณัชชาภัทร อุ่นตรงจิตร
250    ^aพิมพ์ครั้งที่ 21
260    ^aกรุงเทพฯ :^bสำนักพิมพ์จุฬาลงกรณ์มหาวิทยาลัย ,^c2568.
300    ^a257 หน้า:^bภาพประกอบ ;^c26 ซม.
650  7 ^aรัฐศาสตร์
999    ^aฮัซวานี
รายการนี้ยังไม่มีแท็ก
คุณยังไม่ได้ล็อกอิน คุณสามารถมีกิจกรรมร่วมกับเว็บไซต์ได้ แต่ต้องล็อกอินก่อน ::
  ล็อกอิน
ลำดับที่ ประเภท เลขเรียก สถานที่ สถานะ
1. หนังสือทั่วไป
หนังสือทั่วไป
JA69 ณ259ร 2568 ฉ.1 
  
ห้องสมุดวพบ.ยะลา
►หนังสือทั่วไปภาษาไทย
On Shelf
2. หนังสือทั่วไป
หนังสือทั่วไป
JA69 ณ259ร 2568 ฉ.2 
  
ห้องสมุดวพบ.ยะลา
►หนังสือทั่วไปภาษาไทย
On Shelf
3. หนังสือทั่วไป
หนังสือทั่วไป
JA69 ณ259ร 2568 ฉ.3 
  
ห้องสมุดวพบ.ยะลา
►หนังสือทั่วไปภาษาไทย
On Shelf
4. หนังสือทั่วไป
หนังสือทั่วไป
JA69 ณ259ร 2568 ฉ.4 
  
ห้องสมุดวพบ.ยะลา
►หนังสือทั่วไปภาษาไทย
On Shelf
5. หนังสือทั่วไป
หนังสือทั่วไป
JA69 ณ259ร 2568 ฉ.5 
  
ห้องสมุดวพบ.ยะลา
►หนังสือทั่วไปภาษาไทย
On Shelf
   [แสดง 5/5 รายการ]

รายการใกล้เคียง
    หัวเรื่อง [รัฐศาสตร์]

BibComment


ยังไม่เคยถูกคอมเมนท์

คอมเมนท์ทรัพยากรรายการนี้
  คอมเมนท์: รัฐศาสตร์ ณัชชา..
Bib 3839

 
 
 

 Union Library Management : ULibM

ดูหนังออนไลน์

Copyright 2026. All Rights Reserved.